LEADER 02504nam0 22004693i 450 001 VAN00279012 005 20240924075106.242 017 70$2N$a9783031204326 100 $a20240702d2023 |0itac50 ba 101 $aeng 102 $aCH 105 $a|||| ||||| 200 1 $aSpectral and High Order Methods for Partial Differential Equations ICOSAHOM 2020+1$eSelected Papers from the ICOSAHOM Conference, Vienna, Austria, July 12-16, 2021$fJens M. Melenk ... [et al.] editors 210 $aCham$cSpringer$d2023 215 $ax, 574 p.$cill.$d24 cm 410 1$1001VAN00027129$12001 $aLecture notes in computational science and engineering$1210 $aBerlin [etc.]$cSpringer$d1997-$v137 606 $a00B25$xProceedings of conferences of miscellaneous specific interest [MSC 2020]$3VANC020732$2MF 606 $a65-XX$xNumerical analysis [MSC 2020]$3VANC019772$2MF 606 $a65M70$xSpectral, collocation and related methods for initial value and initial-boundary value problems involving PDEs [MSC 2020]$3VANC031193$2MF 606 $a65N35$xSpectral, collocation and related methods for boundary value problems involving PDEs [MSC 2020]$3VANC031195$2MF 610 $aComputational Fluid Mechanics$9KW:K 610 $aComputational electromagnetics$9KW:K 610 $aComputational structural mechanics$9KW:K 610 $aDiscontinuous Galerkin Methods$9KW:K 610 $aEfficient solvers$9KW:K 610 $aHigh order finite difference method$9KW:K 610 $aHigh order finite element methods$9KW:K 610 $aHyperbolic equations$9KW:K 610 $aReduced basis methods$9KW:K 610 $aSpectral methods$9KW:K 620 $aCH$dCham$3VANL001889 702 1$aMelenk$bJens M.$3VANV231551 712 12$aInternational Conference on Spectral and High Order Methods$f2021$eVienna, Austria$3VANV231554 712 $aSpringer $3VANV108073$4650 801 $aIT$bSOL$c20241115$gRICA 856 4 $uhttps://doi.org/10.1007/978-3-031-20432-6$zE-book ? Accesso al full-text attraverso riconoscimento IP di Ateneo, proxy e/o Shibboleth 899 $aBIBLIOTECA DEL DIPARTIMENTO DI MATEMATICA E FISICA$1IT-CE0120$2VAN08 912 $fN 912 $aVAN00279012 950 $aBIBLIOTECA DEL DIPARTIMENTO DI MATEMATICA E FISICA$d08DLOAD e-Book 9256 $e08eMF9256 20240704 996 $aSpectral and High Order Methods for Partial Differential Equations ICOSAHOM 2020+1$94208902 997 $aUNICAMPANIA LEADER 01774nam0 22004333i 450 001 VAN00255418 005 20240806101444.304 017 70$2N$a9783540366652 100 $a20230228d1971 |0itac50 ba 101 $aeng 102 $aDE 105 $a|||| ||||| 200 1 $aˆThe ‰Jacobi-Perron Algorithm$eIts Theory and Application$fLeon Bernstein 210 $aBerlin$cSpringer$d1971 215 $aiv, 160 p.$d24 cm 461 1$1001VAN00102250$12001 $aLecture notes in mathematics$1210 $aBerlin [etc.]$cSpringer$v207 606 $a11-XX$xNumber theory [MSC 2020]$3VANC019688$2MF 606 $a11A55$xContinued fractions [MSC 2020]$3VANC021428$2MF 606 $a11R11$xQuadratic extensions [MSC 2020]$3VANC021760$2MF 606 $a11R27$xUnits and factorization [MSC 2020]$3VANC021759$2MF 610 $aAlgebra$9KW:K 610 $aAlgebraic number fields$9KW:K 610 $aAlgorithms$9KW:K 610 $aConvergence$9KW:K 610 $aDiophantine Equations$9KW:K 610 $aEquations$9KW:K 610 $aFunctions$9KW:K 610 $aJacobi-Perron algorithm$9KW:K 620 $dBerlin$3VANL000066 700 1$aBernstein$bLeon$3VANV208439$0348430 712 $aSpringer $3VANV108073$4650 801 $aIT$bSOL$c20250829$gRICA 856 4 $uhttps://doi.org/10.1007/BFb0069405$zE-book ? Accesso al full-text attraverso riconoscimento IP di Ateneo, proxy e/o Shibboleth 899 $aBIBLIOTECA DEL DIPARTIMENTO DI MATEMATICA E FISICA$1IT-CE0120$2VAN08 912 $fN 912 $aVAN00255418 950 $aBIBLIOTECA DEL DIPARTIMENTO DI MATEMATICA E FISICA$d08DLOAD e-book 5590 $e08eMF5590 20230313 996 $aJacobi-Perron algorithm$981556 997 $aUNICAMPANIA